00643nam a2200229Ia 4500003000900000008004100009040001300050040001300063041000800076100002000084245001500104250001200119260001200131260000900143300001100152300001000163490000600173600001300179942000700192999001700199952019700216IT-RoPAU120407s9999 xx 000 0 und d aIT-RoPAU cIT-RoPAU aita aGino Montesanto aIl figlio. aMilano  aRusconi c1975 a222 p. c21 cm v1 aRomanzo. cBK c29288d29288 00102ddc406850_00000000000000071aPAULUSbPAULUSd2012-04-11l0o850.0r2012-04-11 00:00:00w2012-04-11yBKzInserito da: Jole In data: 12 settembre 2011 fondo: Via A.Severo 56 Progr:12704